00446 2200169 4500001002100000005001500021035002000036007000300056008004100059082000800100084001400108100001500122245005300137260002600190650003500216856002500251INLIS00000000000759020251126041128 a0010-1125000002ta251126 0 ind  a610 a610 NIG a0 aNigel Raby1 aACCIDENT & EMERGENCY RADIOLOGY 3ED /cNigel Raby aJakarta :bEGC,c2019 4aACCIDENT & EMERGENCY RADIOLOGY aSumbangan Kedokteran